000
00298nam a2200109Ia 4500
008
190914s9999||||xx |||||||||||||| ||und||
100
_a
Dr.M. Iqbal Khan
245
0
_a
Medical Ethics and Islamic Perspective
260
_a
Islamabad
_b
Institute of Policy Studies
_c
2000
300
_a
468
942
_c
BK
999
_c
9133
_d
9133